Normal view
MARC view
- Huici, Julio
Entry Nombre Personal
001 - NUMERO DE CONTROL
- campo de control: 52006
003 - IDENTIFICADOR DE NUMERO DE CONTROL
- campo de control: MX-MxUPN
005 - FECHA Y HORA DE LA ÜLTIMA TRANSACCIÓN
- campo de control: 20240521162925.0
008 - DATOS DE LONGITUD FIJA
- campo de control de longitud fija: 240521|| acn||aabn | aaa d
040 ## - FUENTE DE CATALOGACIÓN
- Agencia original de catalogación: MX-MxUPN
- Lenguaje de catalogación: spa
100 1# - ENCABEZAMIENTO - NOMBRE PERSONAL
- Nombre personal: Huici, Julio
372 ## - CAMPO DE ACTIVIDAD
- Field of activity: Traducción e interpretación
374 ## - OCUPACIÓN
- Occupation: Traductor
670 ## - FUENTE EN LA QUE SE LOCALIZARON DATOS
- Cita de la fuente: Ensayos sobre la educación, 1984 :
- Información localizada: página legal (Traducción del inglés por Julio Huici)
902 ## - CATALOGADOR
- Catalogador: MaríaRobles/210524
